Revista de Derecho Electoral /
Sparad:
| Institutionell upphovsman: | |
|---|---|
| Materialtyp: | Bok |
| Språk: | Spanish |
| Publicerad: |
San José, Costa Rica:
Tribunal Supremo de Elecciones
2006-
|
| Ämnen: | |
| Taggar: |
Lägg till en tagg
Inga taggar, Lägg till första taggen!
|
MARC
| LEADER | 00000nam a22000007a 4500 | ||
|---|---|---|---|
| 003 | cru CIDCACS/IIS | ||
| 005 | 20170921113941.0 | ||
| 007 | ta | ||
| 008 | 170921s2006 cr f||p|r|||| 00| 0 spa d | ||
| 999 | |c 40478 |d 40478 | ||
| 040 | |c cru CIDCACS/IIS | ||
| 090 | |a REV1670 | ||
| 110 | 1 | |9 3819 |a Costa Rica. Tribunal Supremo de Elecciones | |
| 245 | 1 | |a Revista de Derecho Electoral / |c Tribunal Supremo de Elecciones | |
| 260 | |a San José, Costa Rica: |b Tribunal Supremo de Elecciones |c 2006- | ||
| 310 | |a Semestral | ||
| 650 | 1 | 0 | |9 3691 |a POLITICA |
| 650 | 0 | |9 3066 |a ASPECTOS POLITICOS | |
| 650 | 4 | |9 3207 |a PARTICIPACION POLITICA | |
| 650 | 1 | 0 | |9 413 |a PARTIDOS POLITICOS |
| 650 | 1 | 0 | |9 306 |a ELECCIONES |
| 942 | |2 ddc |c PP | ||
